Los no lugares, espacios del anonimato: una antropología de la sobremodernidad

-д хадгалсан:
Номзүйн дэлгэрэнгүй
Үндсэн зохиолч: Augé, Marc (Зохиогч)
Формат: Ном
Хэл сонгох:испани
Хэвлэсэн: Barcelona Gedisa 2004
Цуврал:CLA-DE-MA. Antropología
Нөхцлүүд:
Шошгууд: Шошго нэмэх
Шошго байхгүй, Энэхүү баримтыг шошголох эхний хүн болох!

MARC

LEADER 00000cam a2200000 a 4500
001 UCK7827
003 CL-VaPUC
008 051216e20040000SP |||||||||||||||||spa|d
020 |a 8474324599 
082 0 4 |a 301  |b AUG  |2 21 
100 0 |a Augé, Marc  |e author  |9 497486 
245 1 4 |a Los no lugares, espacios del anonimato: una antropología de la sobremodernidad 
300 |a 125 p 
942 |c BK 
945 |d 20051216 00:00:00  |a jtorresc 
260 |a Barcelona  |b Gedisa  |c 2004 
650 0 |a Antropología cultural y social   |9 265143 
583 |a last modification  |c 20130408 11:48:09  |k Rodrigo Vera 
490 0 |a CLA-DE-MA. Antropología 
999 |c 315669  |d 315667 
952 |0 0  |1 0  |4 0  |6 301_000000000000000_AUG_2004  |7 0  |8 A  |9 389255  |a BIBARQ  |b BIBARQ  |d 2019-11-22  |i 4570766  |l 1  |m 3  |o 301 AUG 2004  |p 4570766  |r 2025-01-20  |s 2023-07-17  |w 2019-11-22  |y BK  |k ARQ 
952 |0 0  |1 0  |4 0  |6 301_000000000000000_AUG_2004  |7 0  |8 A  |9 389256  |a BIBGIM  |b BIBGIM  |d 2019-11-22  |i 4650247  |l 8  |m 5  |o 301 AUG 2004  |p 4650247  |r 2025-01-15  |s 2024-08-19  |w 2019-11-22  |y BK  |k SSL 
952 |0 0  |1 0  |4 0  |6 301_000000000000000_AUG_2004  |7 0  |8 A  |9 389257  |a BIBARQ  |b BIBARQ  |d 2019-11-22  |i 4657071  |l 6  |m 3  |o 301 AUG 2004  |p 4657071  |r 2025-01-20  |s 2024-03-22  |w 2019-11-22  |y BK  |k ARQ 
952 |0 0  |1 0  |3 erb  |4 0  |6 301_000000000000000_AUG_2004  |7 0  |8 A  |9 389258  |a BIBING  |b BIBING  |i 5143780  |l 1  |o 301 AUG 2004  |p 5143780  |r 2025-04-11  |s 2025-04-11  |w 2019-11-22  |y BK  |z Catalogado en:20150402  |k GEO